Cuestiones cartesianas : método y metafísica /

Guardado en:
Autor Principal: Marion, Jean-luc
Otros Autores: Pavesi, Pablo E., present. y trad.
Formato: Libro
Publicado: Buenos Aires : Prometeo Libros, 2010
Materias:
Etiquetas: Agregar Etiqueta
Sin Etiquetas, Sea el primero en etiquetar este registro!
LEADER 00596nam a22001815a 4500
001 EHU.bham043100
003 AR-BHAM
005 20150309113745.0
008 130507s2010##################000#0#####d
020 |a 9789875744639 
082 1 1 |a 110 
100 1 |a Marion, Jean-luc 
245 1 0 |a Cuestiones cartesianas :  |b método y metafísica /  |c  Jean-luc Marion : 
260 |a Buenos Aires :  |b Prometeo Libros,  |c 2010 
300 |a 228 p. 
653 |a Metafísica - filosofía francesa-metafísica 
700 1 |a Pavesi, Pablo E., present. y trad. 
859 |a AR-BHAM  |b BIB. HUMANIDADES - General  |h 110  |i M338  |p 587.14  |t Ej.1